| 000 | 00701nam a2200253Ia 4500 | ||
|---|---|---|---|
| 003 | OSt | ||
| 005 | 20220924114551.0 | ||
| 006 | a|||||r|||| 00| 0 | ||
| 007 | ta | ||
| 008 | 220923b |||||||| |||| 00| 0 ara d | ||
| 024 | _a345412 | ||
| 037 | _cTextual | ||
| 040 |
_aARTS _cARTS _bara |
||
| 041 |
_2ara _aara |
||
| 082 | _aZ(Q7),91, 28N7.2 | ||
| 100 |
_aShamsuddin Au. _9174296 |
||
| 245 | 0 | _aElamo-al-mowaqqein an rabbal alamin | |
| 260 |
_aBeirut _bShirkat dar-al-arqam Lebanon _c1997 |
||
| 300 |
_a696p. _ccm. |
||
| 650 |
_a LAW _97240 |
||
| 650 |
_aARABIC LANGUAGE _931794 |
||
| 942 |
_hZ(Q7),91, 28N7.2 _cTEXL _2CC |
||
| 999 |
_c394241 _d394241 |
||